| 000 | 00781cam a2200289 4500500 | ||
|---|---|---|---|
| 005 | 20260405003649.0 | ||
| 041 | _afre | ||
| 042 | _adc | ||
| 100 | 1 | 0 |
_aErhard, Dominik _eauthor |
| 245 | 0 | 0 | _aMétavers. Le meilleur des mondes ? |
| 260 | _c2023. | ||
| 500 | _a81 | ||
| 690 | _aAvatar | ||
| 690 | _aBaudrillard | ||
| 690 | _aDavid Chalmers | ||
| 690 | _aFacebook | ||
| 690 | _aInternet | ||
| 690 | _aMark Zuckerberg | ||
| 690 | _aMétavers | ||
| 690 | _aNumérique | ||
| 690 | _aRéel | ||
| 690 | _aSimulacre | ||
| 690 | _aSimulation | ||
| 690 | _aVirtuel | ||
| 786 | 0 | _nPhilosophie magazine | 168 | 4 | 2023-04-01 | p. 15-17 | 1951-1787 | |
| 856 | 4 | 1 | _uhttps://shs.cairn.info/magazine-philosophie-magazine-2023-4-page-15?lang=fr&redirect-ssocas=7080 |
| 999 |
_c2069721 _d2069721 |
||